[Event "N�-LL 2006_07"]
[Site "TU Wien, Studentenlizenz"]
[Date "2007.01.14"]
[Round "7"]
[White "Bechmann, Gerhard"]
[Black "Kadletz, Karl"]
[Result "1/2-1/2"]
[WhiteElo "2066"]
[BlackElo "1987"]
[Annotator "Mauerbach : Bisamberg"]
[PlyCount "154"]
[EventDate "2007.??.??"]

1. e4 d6 2. Nf3 Nf6 3. d3 g6 4. Be2 Bg7 5. O-O O-O 6. c3 Nc6 7. h3 e5 8. Nh2 d5
9. exd5 Qxd5 10. Na3 Be6 11. Qa4 Qd7 12. Qh4 Ne7 13. g4 Nfd5 14. Nf3 f6 15. Qg3
c6 16. Nc2 Rad8 17. c4 Nf4 18. Bxf4 exf4 19. Qxf4 f5 20. g5 Bxb2 21. Rab1 Bg7
22. d4 b6 23. Rfe1 Qd6 24. Qxd6 Rxd6 25. Bf1 Kf7 26. Ne5+ Bxe5 27. Rxe5 Bd7 28.
Rbe1 Re6 29. f4 Rxe5 30. Rxe5 Nc8 31. c5 Be6 32. Nb4 Ne7 33. Kf2 Rd8 34. Ke3 a5
35. Nd3 b5 36. a3 Bc4 37. Bg2 Rb8 38. Kd2 b4 39. axb4 axb4 40. Re1 Bxd3 41.
Kxd3 Ra8 42. Re2 Ra1 43. Rb2 Ke6 44. Kc4 Rc1+ 45. Kb3 Re1 46. Kxb4 Nd5+ 47. Kb3
Re3+ 48. Ka4 Rd3 49. Re2+ Kd7 50. Bxd5 Rxd4+ 51. Ka5 cxd5 52. Kb5 Rxf4 53. c6+
Kd6 54. Re8 Rc4 55. Rd8+ Ke5 56. Rh8 f4 57. Rxh7 f3 58. Rf7 Rf4 59. c7 f2 60.
Rxf4 Kxf4 61. c8=Q f1=Q+ 62. Ka5 Qa1+ 63. Kb4 Qd4+ 64. Ka3 Kxg5 65. Qe6 Qe4 66.
Qd7 d4 67. Kb3 Kh4 68. Kc4 d3+ 69. Kc3 Qf5 70. Qh7+ Kg3 71. Kd2 Qe4 72. Kc3 Kf2
73. Qa7+ Ke2 74. Qa2+ Kf1 75. Qh2 g5 76. Qg3 Qg2 77. Qxd3+ Kg1 1/2-1/2

d3+ Kg1 1/2-1/2

[Event "N�-LL 2006_07"]
[Site "?"]
[Date "2007.01.28"]
[Round "8"]
[White "Hirsch, Andreas"]
[Black "Rumpl, Erwin"]
[Result "0-1"]
[WhiteElo "2031"]
[BlackElo "2288"]
[Annotator "Amstetten : Bisamberg/Korneuburg"]
[PlyCount "50"]
[EventDate "2006.10.01"]
[SourceDate "2007.01.28"]

1. e4 b6 2. d4 Bb7 3. Nc3 e6 4. a3 d5 5. exd5 exd5 6. Nf3 Nf6 7. Bd3 Be7 8. O-O
O-O 9. Re1 c5 10. Bf4 Nc6 11. Bf1 Ne4 12. Ne2 g5 13. Be3 f5 14. c4 f4 15. Bc1
g4 16. Nxf4 gxf3 17. Ne6 Qd6 18. cxd5 Qxd5 19. Qc2 Nxd4 20. Nxd4 Qxd4 21. Bd3
Nxf2 22. Bxh7+ Kh8 23. Be3 Nh3+ 24. gxh3 Qg7+ 25. Bg6 Rg8 0-1

[Event "N�-LL 2006_07"]
[Site "?"]
[Date "2007.01.28"]
[Round "8"]
[White "Wadsack, Wolfgang"]
[Black "Stanivukovic, Drago"]
[Result "1-0"]
[WhiteElo "2241"]
[BlackElo "2093"]
[Annotator "Amstetten : Bisamberg/Korneuburg"]
[PlyCount "79"]
[EventDate "2006.10.01"]
[SourceDate "2007.01.28"]

1. e4 c5 2. c3 d6 3. d4 Nf6 4. dxc5 dxc5 5. Qxd8+ Kxd8 6. e5 Nfd7 7. Nf3 e6 8.
Na3 Nc6 9. Bf4 a6 10. O-O-O Ke8 11. Nc4 b5 12. Nd6+ Bxd6 13. Rxd6 Ne7 14. c4 b4
15. Be2 Nf5 16. Rd2 h6 17. g4 g5 18. gxf5 gxf4 19. fxe6 fxe6 20. Rg1 Kf8 21.
Rg4 Rh7 22. Rxf4+ Ke7 23. Bd3 Rg7 24. Be4 Ra7 25. Rh4 Nb6 26. b3 Rd7 27. Rxh6
Rg4 28. Bc6 Rxd2 29. Kxd2 Bd7 30. Rh7+ Kd8 31. Bxd7 Nxd7 32. Ke3 a5 33. h4 a4
34. h5 Nf8 35. Ra7 axb3 36. axb3 Rg8 37. h6 Rg6 38. h7 Rh6 39. Ng5 Ke8 40. Rg7
1-0

[Event "N�-LL 2006_07"]
[Site "?"]
[Date "2007.01.28"]
[Round "8"]
[White "Wetscherek, Gerhard"]
[Black "Gugler, Edgar"]
[Result "1/2-1/2"]
[WhiteElo "2089"]
[BlackElo "2216"]
[Annotator "Amstetten : Bisamberg/Korneuburg"]
[PlyCount "24"]
[EventDate "2006.10.01"]
[SourceDate "2007.01.28"]

1. e4 c6 2. d4 Na6 3. Ne2 g6 4. Ng3 Bg7 5. c4 Nc7 6. Nc3 d5 7. cxd5 cxd5 8. e5
h5 9. Bd3 Nh6 10. h4 Be6 11. Bg5 Qd7 12. Rc1 Nf5 1/2-1/2

[Event "N�-LL 2006_07"]
[Site "?"]
[Date "2007.01.28"]
[Round "8"]
[White "Wadsack, Winfried"]
[Black "Kadletz, Karl"]
[Result "1/2-1/2"]
[WhiteElo "2158"]
[BlackElo "2107"]
[Annotator "Amstetten : Bisamberg/Korneuburg"]
[PlyCount "103"]
[EventDate "2007.??.??"]

1. e4 d6 2. d4 Nf6 3. f3 g6 4. Be3 Bg7 5. Qd2 Nbd7 6. Nh3 c6 7. Nc3 Nb6 8. Nf2
Be6 9. Bh6 Nc4 10. Bxc4 Bxh6 11. Qxh6 Bxc4 12. e5 dxe5 13. dxe5 Nd5 14. O-O-O
Qa5 15. Nxd5 cxd5 16. b3 Ba6 17. Qg7 Rf8 18. Kb1 O-O-O 19. Ng4 Qc7 20. Rhe1 h5
21. Ne3 e6 22. Kb2 Rg8 23. Qf6 g5 24. Qh6 Qxe5+ 25. Kb1 Rh8 26. Ng4 Rxh6 27.
Rxe5 hxg4 28. Rxg5 gxf3 29. gxf3 Rxh2 30. c4 Rf2 31. cxd5 Rxd5 32. Rdxd5 exd5
33. Rxd5 b6 34. a4 Bb7 35. Rd4 Rxf3 36. Kb2 Bc6 37. Ka3 Bd7 38. Kb2 Be6 39. b4
a6 40. Rh4 Rb3+ 41. Kc2 Rh3 42. Rf4 Kc7 43. a5 bxa5 44. bxa5 Ra3 45. Rh4 Rxa5
46. Kc3 Rc5+ 47. Kb2 a5 48. Rh8 Bd5 49. Ka3 f5 50. Rf8 Kd6 51. Rxf5 Bc6 52.
Rxc5 1/2-1/2

[Event "N�-LL 2006_07"]
[Site "?"]
[Date "2007.01.28"]
[Round "8"]
[White "Penz, Harald"]
[Black "Weiss, Christian"]
[Result "0-1"]
[WhiteElo "2451"]
[BlackElo "2309"]
[Annotator "P�chlarn : Mauerbach"]
[PlyCount "76"]
[EventDate "2006.09.20"]
[SourceDate "2007.02.02"]

1. e4 c6 2. Nf3 d5 3. Nc3 Bg4 4. h3 Bxf3 5. Qxf3 e6 6. d4 Nf6 7. Bd3 Be7 8. O-O
O-O 9. Be3 Nbd7 10. exd5 cxd5 11. Ne2 Qa5 12. b3 g6 13. c4 Rfc8 14. Rfd1 a6 15.
Bd2 Qd8 16. Rac1 b5 17. c5 e5 18. dxe5 Nxe5 19. Qe3 Nxd3 20. Qxd3 Rxc5 21. Be3
Rxc1 22. Rxc1 Rc8 23. Rxc8 Qxc8 24. Bg5 Qe6 25. Nf4 Qe1+ 26. Qf1 Qe5 27. h4 h6
28. Nd3 Qd4 29. Bxh6 Qxh4 30. Bf4 Nh5 31. Be5 Bf6 32. Qa1 Qe4 33. Bxf6 Qxd3 34.
Be5 Qf5 35. Qd4 Qe6 36. Qc3 f6 37. Bd4 Nf4 38. Qd2 Qe4 0-1

[Event "N�-LL 2006_07"]
[Site "?"]
[Date "2007.01.28"]
[Round "8"]
[White "Kostic, Vladimir"]
[Black "Weissenbeck, Manuel"]
[Result "1/2-1/2"]
[WhiteElo "2433"]
[BlackElo "2273"]
[Annotator "P�chlarn : Mauerbach"]
[PlyCount "134"]
[EventDate "2006.09.20"]
[SourceDate "2007.02.02"]

1. e4 c5 2. Nf3 d6 3. d4 cxd4 4. Nxd4 Nf6 5. Nc3 a6 6. f4 e5 7. Nf3 Qc7 8. Bd3
Be7 9. O-O O-O 10. Kh1 Nbd7 11. Qe1 Re8 12. g4 exf4 13. g5 Nh5 14. Nd5 Qd8 15.
Qh4 g6 16. Nxf4 Nxf4 17. Bxf4 Ne5 18. Bxe5 dxe5 19. Bc4 Be6 20. Bxe6 fxe6 21.
Nxe5 Bxg5 22. Qg4 Bf6 23. Nxg6 Bg7 24. Nf4 Re7 25. Rg1 Qd4 26. Nxe6 Qxb2 27.
Rab1 Qe5 28. Nxg7 Rxg7 29. Qxg7+ Qxg7 30. Rxg7+ Kxg7 31. Rxb7+ Kg6 32. Rc7 Re8
33. Rc4 Kg5 34. Kg2 Kf4 35. Kf2 Re5 36. Ke2 Rh5 37. e5+ Kf5 38. h4 Rh6 39. Kd3
Kxe5 40. Re4+ Kd5 41. c4+ Kc5 42. Kc3 Rh5 43. Rg4 h6 44. Kb3 Rf5 45. Ka4 Rf3
46. Rg6 Rf4 47. Rxh6 Rxc4+ 48. Ka5 Rg4 49. h5 Rh4 50. a4 Kd5 51. Rh7 Kd6 52. h6
Kc6 53. Ra7 Rh5+ 54. Kxa6 Rxh6 55. Rb7 Rh5 56. Rb1 Rc5 57. Rb5 Rc4 58. a5 Kc7
59. Ka7 Kc8 60. Rb8+ Kc7 61. a6 Rc6 62. Rg8 Rh6 63. Rg1 Rc6 64. Re1 Kc8 65.
Re8+ Kc7 66. Re2 Rc1 67. Rh2 Rc6 {Rest nicht lesbar, remis im 103.Zug} 1/2-1/2

[Event "N�-LL 2006_07"]
[Site "?"]
[Date "2007.01.28"]
[Round "8"]
[White "Ponjica, Erich"]
[Black "Weinzettl, Ernst"]
[Result "1-0"]
[WhiteElo "2118"]
[BlackElo "2327"]
[Annotator "P�chlarn : Mauerbach"]
[PlyCount "81"]
[EventDate "2006.09.20"]
[SourceDate "2007.02.02"]

1. e4 e6 2. d4 d5 3. Nd2 c5 4. exd5 exd5 5. Ngf3 c4 6. c3 Nc6 7. Be2 Bd6 8. b3
cxb3 9. axb3 Nf6 10. O-O O-O 11. Bd3 Bg4 12. h3 Bh5 13. Re1 Qc7 14. Nf1 Nd8 15.
c4 Ne6 16. c5 Bf4 17. Bb2 a6 18. b4 Rae8 19. Be2 Ne4 20. Ra3 f5 21. Qb3 Qd8 22.
b5 axb5 23. Bxb5 Re7 24. Rea1 Nc7 25. Ne5 Nxc5 26. dxc5 Bxe5 27. Bxe5 Rxe5 28.
Bd3 Qc8 29. Ra7 Ne6 30. Qb2 d4 31. Rxb7 Nxc5 32. Bc4+ Kh8 33. Rb5 Nd7 34. Rb4
Nf6 35. Bd3 Qc3 36. Qb1 Ne4 37. Rc4 h6 38. Rxc3 Nxc3 39. Qb4 Rd8 40. Ra5 Re1
41. Rxf5 1-0

[Event "N�-LL 2006_07"]
[Site "?"]
[Date "2007.01.28"]
[Round "8"]
[White "Steinm�ller, G�nther"]
[Black "Tatzmann, Peter"]
[Result "1/2-1/2"]
[WhiteElo "2151"]
[BlackElo "2079"]
[Annotator "P�chlarn : Mauerbach"]
[PlyCount "24"]
[EventDate "2006.09.20"]
[SourceDate "2007.02.02"]

1. d4 Nf6 2. Nf3 e6 3. c4 c5 4. Nc3 cxd4 5. Nxd4 Bb4 6. Ndb5 O-O 7. a3 Bxc3+ 8.
Nxc3 d5 9. e3 Nc6 10. Be2 a6 11. cxd5 exd5 12. O-O d4 1/2-1/2

[Event "N�-LL 2006_07"]
[Site "?"]
[Date "2007.01.28"]
[Round "8"]
[White "Stadler, Peter"]
[Black "Zojer, Thomas"]
[Result "1-0"]
[WhiteElo "2113"]
[BlackElo "2088"]
[Annotator "Zwettl : Bad V�slau/Kottingbrunn"]
[PlyCount "55"]
[SourceDate "2007.01.28"]

1. d4 d5 2. Nf3 Nf6 3. c4 c6 4. Nc3 a6 5. cxd5 cxd5 6. Bf4 e6 7. e3 Bd6 8. Bg5
O-O 9. Bd3 Nc6 10. Rc1 Bd7 11. h4 h6 12. Bxf6 Qxf6 13. g4 Nb4 14. Bb1 e5 15. g5
Qe6 16. gxh6 e4 17. hxg7 Rfe8 18. Ng5 Qg6 19. a3 Nd3+ 20. Bxd3 exd3 21. Qf3
Rac8 22. Kd2 Be6 23. Rhg1 Qh6 24. Nxd5 Bxd5 25. Qxd5 Qf6 26. Ne4 Qxh4 27. Rxc8
Rxc8 28. Qh5 1-0

[Event "N�-LL 2006_07"]
[Site "?"]
[Date "2007.01.28"]
[Round "8"]
[White "Vykydal, Frantisek"]
[Black "Brehovsky, Paul"]
[Result "1-0"]
[WhiteElo "2264"]
[BlackElo "2140"]
[Annotator "Zwettl : Bad V�slau/Kottingbrunn"]
[PlyCount "75"]
[EventDate "2007.??.??"]

1. e4 e6 2. d3 d5 3. Nd2 Nf6 4. g3 b6 5. Bg2 Bb7 6. Ne2 Be7 7. O-O O-O 8. e5
Nfd7 9. d4 c5 10. c3 Nc6 11. f4 f5 12. Nf3 a5 13. Ng5 Bxg5 14. fxg5 cxd4 15.
cxd4 Ba6 16. Nf4 Re8 17. Rf2 Nf8 18. g4 fxg4 19. Be3 Rc8 20. Qxg4 g6 21. h4 Nb4
22. Qd1 Qc7 23. Rc1 Qd7 24. Rxc8 Rxc8 25. a3 Nc6 26. Qb3 Bc4 27. Qxb6 Rb8 28.
Qc5 a4 29. Bh3 Ne7 30. Qa5 Nf5 31. Bxf5 exf5 32. Bd2 Rxb2 33. Bb4 Rb1+ 34. Kh2
Kf7 35. Qa8 Ne6 36. Qh8 Nxf4 37. Qf6+ Ke8 38. Qf8# 1-0

[Event "N�-LL 2006_07"]
[Site "?"]
[Date "2007.01.28"]
[Round "8"]
[White "Kummer, Helmut"]
[Black "Blatny, Pavel"]
[Result "1/2-1/2"]
[WhiteElo "2335"]
[BlackElo "2449"]
[Annotator "Zwettl : Bad V�slau/Kottingbrunn"]
[PlyCount "93"]
[EventDate "2007.??.??"]

1. d4 b6 2. c4 e6 3. Nf3 Bb7 4. g3 f5 5. Bg2 Be7 6. Nc3 Nf6 7. O-O Ne4 8. Bd2
O-O 9. Be1 Bf6 10. Rc1 Nc6 11. d5 Ne7 12. Nd4 Nxc3 13. Bxc3 exd5 14. cxd5 Bxd5
15. Nxf5 Bxg2 16. Nxe7+ Qxe7 17. Kxg2 c6 18. Qb3+ Kh8 19. Qc4 Rae8 20. Rce1 b5
21. Qb4 Qe4+ 22. f3 Qc2 23. Bxf6 Rxf6 24. Rf2 a5 25. Qd4 d5 26. e4 Qc4 27. Qxc4
bxc4 28. Rfe2 Kg8 29. f4 Rb8 30. Kf3 Rd6 31. e5 Rd7 32. Rc1 Rdb7 33. Rcc2 a4
34. g4 a3 35. bxa3 Ra8 36. Rc3 Rba7 37. f5 Rxa3 38. Rxa3 Rxa3+ 39. Kf4 Kf8 40.
e6 d4 41. Ke4 d3 42. Rb2 c5 43. Rb8+ Ke7 44. Ke5 (44. Rb7+ Kd6 45. Rxg7 Rxa2
46. Rxh7 Re2+ 47. Kf4) 44... d2 45. Rb7+ Kf8 46. Rb8+ Ke7 47. Rb7+ 1/2-1/2

[Event "N�-LL 2006_07"]
[Site "?"]
[Date "2007.01.28"]
[Round "8"]
[White "Szvetits, Rene"]
[Black "Mlynek, Petr"]
[Result "0-1"]
[WhiteElo "2043"]
[BlackElo "2151"]
[Annotator "Zwettl : Bad V�slau/Kottingbrunn"]
[PlyCount "124"]

1. e4 c6 2. d4 d5 3. Nc3 dxe4 4. Nxe4 Nd7 5. Nf3 Ngf6 6. Nxf6+ Nxf6 7. Bc4 Bf5
8. Qe2 e6 9. Bg5 Be7 10. O-O O-O 11. Rad1 Nd5 12. Bxe7 Qxe7 13. Ne5 Qg5 14.
Bxd5 cxd5 15. f4 Qe7 16. h3 Rfc8 17. c3 Rab8 18. Rf3 b5 19. Rg3 b4 20. Qa6 Qb7
21. Qd6 Qc7 22. Qa6 f6 23. Ng4 Bxg4 24. Rxg4 Rb6 25. Qa5 bxc3 26. bxc3 Rc6 27.
Qb5 f5 28. Rg3 Qxf4 29. Rdd3 Kf7 30. Rdf3 Qb8 31. Qa5 Qb6 32. Qa3 g6 33. Kh2
Rb8 34. h4 h6 35. Rd3 Qc7 36. Qc1 Rh8 37. Rdf3 Rb6 38. Qe3 g5 39. h5 Rb1 40.
Qd3 Re1 41. Re3 Rxe3 42. Qxe3 Rb8 43. Qd3 Rb2 44. a4 Qc4 45. Qd1 Qe2 46. Qxe2
Rxe2 47. c4 dxc4 48. Rc3 Ra2 49. Rxc4 Kf6 50. Kg3 g4 51. Kf4 Rxg2 52. Rc7 Rf2+
53. Kg3 Rf3+ 54. Kg2 Rd3 55. Rxa7 Rxd4 56. a5 Ra4 57. a6 f4 58. Rh7 Ra2+ 59.
Kg1 Rxa6 60. Rxh6+ Kg5 61. Rh8 Kh4 62. Rf8 Kg3 0-1

[Event "N�-LL 2006_07"]
[Site "?"]
[Date "2007.01.28"]
[Round "8"]
[White "Gr�tz, Harald"]
[Black "Volkmann, Friedrich"]
[Result "1/2-1/2"]
[WhiteElo "2359"]
[BlackElo "2407"]
[Annotator "Wr.Neustadt : Stockerau"]
[PlyCount "41"]
[EventDate "2007.01.28"]
[SourceDate "2007.01.28"]

1. e4 e5 2. Nf3 Nf6 3. Nxe5 Nxe4 4. Qe2 Qe7 5. Qxe4 d6 6. d4 dxe5 7. dxe5 Nc6
8. Nc3 Qxe5 9. Qxe5+ Nxe5 10. Bf4 f6 11. O-O-O Bd7 12. Nb5 Bxb5 13. Bxb5+ c6
14. Ba4 Bc5 15. Bb3 Rd8 16. Rhe1 Bxf2 17. Re2 Bb6 18. Bxe5 Rxd1+ 19. Kxd1 fxe5
20. Rxe5+ Kd7 21. Rf5 1/2-1/2

[Event "N�-LL 2006_07"]
[Site "?"]
[Date "2007.01.28"]
[Round "8"]
[White "Schroll, Gerhard"]
[Black "Hangweyrer, Manfred"]
[Result "1/2-1/2"]
[WhiteElo "2375"]
[BlackElo "2381"]
[Annotator "Wr.Neustadt : Stockerau"]
[PlyCount "42"]
[EventDate "2007.??.??"]
[SourceDate "2007.01.28"]

1. c4 c6 2. Nf3 d5 3. g3 Bg4 4. Bg2 Nd7 5. cxd5 cxd5 6. Qb3 Nc5 7. Qe3 Rc8 8.
Nc3 Nf6 9. b4 Bxf3 10. Qxf3 Nce4 11. Nxe4 dxe4 12. Qb3 e6 13. O-O Qd7 14. Bb2
Be7 15. Rad1 Qd5 16. Qa4+ b5 17. Qa6 O-O 18. d3 Qh5 19. Qxa7 Qxe2 20. Qxe7 Qxb2
21. dxe4 Qxa2 1/2-1/2

[Event "N�-LL 2006_07"]
[Site "?"]
[Date "2007.01.28"]
[Round "8"]
[White "Bayte, Daiva"]
[Black "Posch, Werner"]
[Result "1/2-1/2"]
[WhiteElo "2172"]
[BlackElo "2262"]
[Annotator "Wr.Neustadt : Stockerau"]
[PlyCount "24"]
[SourceDate "2007.01.28"]

1. g3 e5 2. Bg2 Nc6 3. b3 g6 4. Bb2 Bg7 5. c4 d6 6. e3 Nh6 7. Ne2 Bg4 8. Nbc3
O-O 9. Nd5 Qd7 10. O-O Bh3 11. f4 Bxg2 12. Kxg2 f5 1/2-1/2

[Event "N�-LL 2006_07"]
[Site "?"]
[Date "2007.01.28"]
[Round "8"]
[White "Wiedner, Robert"]
[Black "Schirmbeck, Manuel"]
[Result "1/2-1/2"]
[WhiteElo "2143"]
[BlackElo "2128"]
[Annotator "Wr.Neustadt : Stockerau"]
[PlyCount "76"]
[EventDate "2007.??.??"]
[SourceDate "2007.01.28"]

1. Nf3 d5 2. d4 Nf6 3. e3 Bf5 4. Be2 e6 5. Nh4 Bd6 6. Nxf5 exf5 7. b3 O-O 8.
Qd3 Ne4 9. Qb5 b6 10. a4 Re8 11. g3 c6 12. Qd3 Qg5 13. Ba3 Bxa3 14. Nxa3 Nd7
15. Nb1 Ndf6 16. Nd2 Nxd2 17. Qxd2 Ne4 18. Qd3 Re6 19. Bf3 Rae8 20. Bxe4 fxe4
21. Qa6 Qe7 22. Qe2 Rf6 23. Qd2 Rf3 24. a5 b5 25. h4 Qd6 26. b4 Re6 27. Rh2
Ref6 28. O-O-O Qd7 29. Rg1 Qg4 30. Rgg2 Qe6 31. Kb2 Qd6 32. Kb3 Kf8 33. Kb2 h5
34. Rg1 Rh6 35. Re1 Ke7 36. Qc3 Rhf6 37. Re2 Kd7 38. Rd2 Ke7 1/2-1/2

[Event "N�-LL 2006_07"]
[Site "?"]
[Date "2007.01.28"]
[Round "8"]
[White "Mahdy, Khaled"]
[Black "Degen, Gerhard"]
[Result "1-0"]
[WhiteElo "2368"]
[BlackElo "2207"]
[Annotator "Schwarzatal : Waidhofen"]
[PlyCount "45"]
[EventDate "2006.09.20"]
[SourceDate "2007.02.02"]

1. e4 c6 2. d4 d5 3. Nd2 dxe4 4. Nxe4 Nd7 5. Bc4 Ngf6 6. Nxf6+ Nxf6 7. c3 e6 8.
Nf3 Bd6 9. O-O Qc7 10. Qe2 Ng4 11. h3 Nh2 12. Re1 Nxf3+ 13. Qxf3 Bd7 14. Bd3
O-O 15. Qh5 f5 16. Bc4 Rae8 17. Bg5 Kh8 18. Rad1 Bc8 19. Re2 e5 20. dxe5 Rxe5
21. Red2 Be6 22. Rxd6 Bxc4 23. Rd7 1-0

[Event "N�-LL 2006_07"]
[Site "?"]
[Date "2007.01.28"]
[Round "8"]
[White "Monschein, Wolfgang"]
[Black "Wagner, Stefan"]
[Result "1-0"]
[WhiteElo "2150"]
[BlackElo "1986"]
[Annotator "Schwarzatal : Waidhofen"]
[PlyCount "69"]
[EventDate "2006.09.20"]
[SourceDate "2007.02.02"]

1. e4 e5 2. Nc3 Nc6 3. f4 d6 4. Nf3 Bg4 5. Bc4 Nd4 6. O-O Bxf3 7. gxf3 exf4 8.
Nd5 g5 9. c3 Ne6 10. Qb3 Nc5 11. Bb5+ c6 12. Qc4 a6 13. Ba4 b5 14. Qd4 f6 15.
Bc2 cxd5 16. exd5 Kf7 17. b4 Nd7 18. Qe4 Qe7 19. Qf5 Nh6 20. Qh3 Ne5 21. a4 Nc4
22. d4 Nb6 23. axb5 axb5 24. Rxa8 Nxa8 25. Bd2 Nc7 26. Re1 Qd8 27. Qh5+ Kg7 28.
h4 Be7 29. hxg5 fxg5 30. Re2 Qe8 31. Qh3 Qf7 32. Bxf4 gxf4 33. Rg2+ Ng4 34.
Rxg4+ Bg5 35. Rxg5+ 1-0

[Event "N�-LL 2006_07"]
[Site "?"]
[Date "2007.01.28"]
[Round "8"]
[White "Dietrich, Markus"]
[Black "Braun, Karl Heinz"]
[Result "1/2-1/2"]
[WhiteElo "1992"]
[BlackElo "2091"]
[Annotator "Schwarzatal : Waidhofen"]
[PlyCount "109"]
[EventDate "2006.09.20"]
[SourceDate "2007.02.02"]

1. d4 d5 2. Nf3 g6 3. Bf4 Bg7 4. e3 Nf6 5. Nbd2 O-O 6. h3 Nbd7 7. Be2 c5 8. c3
Re8 9. Ne5 Nxe5 10. Bxe5 b6 11. O-O Qd7 12. Re1 Bb7 13. Nf3 Red8 14. Bd3 Rac8
15. Qe2 c4 16. Bc2 e6 17. Nd2 b5 18. f4 a5 19. g4 Qe7 20. Bxf6 Qxf6 21. Nf3 Qe7
22. g5 b4 23. a3 Rb8 24. axb4 axb4 25. Ra7 Ra8 26. Rea1 Rxa7 27. Rxa7 Ra8 28.
Rxa8+ Bxa8 29. Qd2 Bf8 30. Qc1 Qa7 31. Bd1 Bc6 32. cxb4 Bxb4 33. Qb1 Qa5 34.
Kf2 Bb5 35. Bc2 Bd6 36. h4 Qb4 37. Qa2 Kg7 38. Kg2 c3 39. bxc3 Qxc3 40. Qb3 Qa5
41. Bd3 Ba4 42. Qb2 Bd1 43. Ne5 Ba3 44. Qf2 Bc1 45. Be2 Bb3 46. h5 Qd2 47. h6+
Kf8 48. Ng4 Bc2 49. Bf3 Qc3 50. Qe2 Bf5 51. Kf2 Bxg4 52. Bxg4 f5 53. Bh3 Ke7
54. Bf1 Kd8 55. Qd3 1/2-1/2

[Event "N�-LL 2006_07"]
[Site "?"]
[Date "2007.01.28"]
[Round "8"]
[White "Kraus, Manfred"]
[Black "Illner, Gerhard"]
[Result "0-1"]
[WhiteElo "2072"]
[BlackElo "2027"]
[Annotator "Schwarzatal : Waidhofen"]
[PlyCount "106"]
[EventDate "2006.09.20"]
[SourceDate "2007.02.02"]

1. e4 e6 2. d4 d5 3. exd5 exd5 4. Nf3 Bd6 5. Bd3 Ne7 6. O-O Bg4 7. h3 Bh5 8.
Re1 Nbc6 9. c3 Qd7 10. Nbd2 Bg6 11. Bb5 O-O 12. Ne5 Bxe5 13. Rxe5 a6 14. Bxc6
Nxc6 15. Re3 f5 16. Nf3 Bh5 17. Qd3 f4 18. Re1 Bg6 19. Qd1 Be4 20. Ne5 Nxe5 21.
dxe5 Qe6 22. Qb3 Qg6 23. g4 fxg3 24. f4 Qf5 25. Rxe4 Qxe4 26. Qd1 c5 27. Bd2
Rae8 28. Qg4 Qd3 29. Rd1 d4 30. Kg2 g6 31. cxd4 cxd4 32. Be1 Qe4+ 33. Kxg3 Qe3+
34. Qf3 Rxe5 35. Bf2 Qxf3+ 36. Kxf3 g5 37. Rxd4 Rxf4+ 38. Rxf4 gxf4 39. Kxf4
Rd5 40. Be1 Kf7 41. Bc3 Ke6 42. a3 h5 43. Bb4 Rf5+ 44. Kg3 Ke5 45. Bc3+ Ke4 46.
Bb4 Kd3 47. Bc3 Kc2 48. Bd4 a5 49. Bc3 a4 50. Bd4 Rd5 51. Bf6 Rf5 52. Bc3 Rb5
53. Kh4 Rxb2 0-1

[Event "N�-LL 2006_07"]
[Site "?"]
[Date "2007.01.28"]
[Round "8"]
[White "Baumegger, Siegfried"]
[Black "Denk, Adolf"]
[Result "1-0"]
[WhiteElo "2411"]
[BlackElo "2293"]
[Annotator "St.P�lten : Baden"]
[PlyCount "91"]
[EventDate "2006.09.20"]
[SourceDate "2007.02.21"]

1. c4 d6 2. Nc3 e5 3. g3 Nf6 4. Bg2 Be7 5. Nf3 c6 6. O-O O-O 7. e4 Nbd7 8. d4
Re8 9. h3 exd4 10. Nxd4 Bf8 11. Qc2 a5 12. Be3 Nc5 13. Rad1 Qc7 14. b3 Bd7 15.
Bg5 Be7 16. Bf4 Rad8 17. Rfe1 Bf8 18. Bg5 Be7 19. Re2 Ne6 20. Be3 Bf8 21. Nf5
Nc5 22. g4 Bxf5 23. exf5 Nfd7 24. Rde1 h6 25. h4 Re5 26. Bd4 Rxe2 27. Qxe2 Nf6
28. Qf3 Nh7 29. Qe3 Qd7 30. Rd1 Qc8 31. Bh3 f6 32. f4 d5 33. cxd5 cxd5 34. g5
Ne4 35. Qf3 Bc5 36. Ne2 Qc7 37. gxh6 gxh6 38. Kh2 Kh8 39. Bxc5 Qxc5 40. Nd4 Rg8
41. Bg2 Qa3 42. Ne6 Qxa2 43. Rxd5 Nf2 44. Rd8 Rxd8 45. Nxd8 Qd2 46. Ne6 1-0

[Event "N�-LL 2006_07"]
[Site "?"]
[Date "2007.12.28"]
[Round "8"]
[White "Ganaus, Hannes"]
[Black "Herndlbauer, Martin"]
[Result "1-0"]
[WhiteElo "2318"]
[BlackElo "2126"]
[Annotator "St.P�lten : Baden"]
[PlyCount "57"]

1. Nf3 d5 2. g3 c6 3. Bg2 Bg4 4. d3 Nd7 5. O-O e5 6. Qe1 Ngf6 7. e4 dxe4 8.
dxe4 Bc5 9. Nbd2 h6 10. Nc4 Qe7 11. Ne3 Be6 12. Nh4 g6 13. h3 Nh5 14. Kh2 Nf4
15. gxf4 Qxh4 16. fxe5 Qf4+ 17. Kh1 Qxe5 18. f4 Qh5 19. f5 gxf5 20. exf5 O-O-O
21. fxe6 fxe6 22. Ng4 e5 23. Be3 Rhg8 24. Bxc5 Rxg4 25. Qe2 Rdg8 26. Be7 e4 27.
Rf4 Ne5 28. Rxe4 R4g5 29. Bxg5 1-0

[Event "N�-LL 2006_07"]
[Site "?"]
[Date "2007.01.28"]
[Round "8"]
[White "Rudolf, Herbert"]
[Black "Sekyra, Michael"]
[Result "0-1"]
[WhiteElo "2238"]
[BlackElo "2113"]
[Annotator "St.P�lten : Baden"]
[PlyCount "68"]
[SourceDate "2007.02.21"]

1. e4 c5 2. Nf3 d6 3. Bb5+ Nd7 4. d4 cxd4 5. Qxd4 e5 6. Qd3 h6 7. O-O Ngf6 8.
Nc3 Be7 9. Nh4 a6 10. Bxd7+ Bxd7 11. Rd1 O-O 12. Nf5 Bxf5 13. exf5 Qd7 14. a4
Rfd8 15. Be3 Qc6 16. Nd5 Nxd5 17. Qxd5 Qxc2 18. Qxb7 Bf8 19. f6 gxf6 20. Rdc1
Qf5 21. Rc7 Rdb8 22. Qc6 Qe6 23. Rd1 Rd8 24. b4 d5 25. Bc5 Bd6 26. Bxd6 Qxd6
27. h3 Rab8 28. b5 Rb6 29. Qxd6 Rdxd6 30. bxa6 Rxa6 31. Rb1 Rdb6 32. Rxb6 Rxb6
33. Rc5 Rb1+ 34. Kh2 d4 0-1

[Event "N�-LL 2006_07"]
[Site "?"]
[Date "2007.01.28"]
[Round "8"]
[White "Wallner, Erich"]
[Black "Geismann, Bernhard"]
[Result "1/2-1/2"]
[WhiteElo "2155"]
[BlackElo "2030"]
[Annotator "St.P�lten : Baden"]
[PlyCount "135"]
[EventDate "2007.??.??"]

1. d4 d5 2. Bg5 Nc6 3. e3 Qd6 4. Nc3 f6 5. Bh4 Be6 6. Bg3 Qd7 7. Bb5 a6 8. Ba4
Bf7 9. Nge2 b5 10. Bb3 b4 11. Na4 e5 12. O-O Bd6 13. Rc1 Na5 14. c3 Ne7 15.
cxb4 Nxb3 16. Qxb3 Nf5 17. Nc5 Nxg3 18. Nxg3 Qc8 19. e4 O-O 20. exd5 exd4 21.
Nge4 Bf4 22. Rc2 Qf5 23. Ng3 Bxg3 24. fxg3 Qe5 25. Nd7 Bxd5 26. Qd3 Qe4 27.
Qxe4 Bxe4 28. Rd2 Rfe8 29. Rxd4 Bc6 30. Rd2 Bxd7 31. Rxd7 Re2 32. Rc1 Rc8 33.
Rc6 Rxb2 34. Re6 Rxb4 35. h3 Rb5 36. Rxa6 Rb6 37. Ra5 Rd6 38. Re7 Kf8 39. Re2
Rd7 40. Ra7 Re7 41. Kf2 Rxe2+ 42. Kxe2 Ke7 43. Kd3 Kd7 44. Ra4 Rb8 45. Rd4+ Ke6
46. Re4+ Kd6 47. Kc2 c5 48. Re2 Ra8 49. Kb2 Rb8+ 50. Kc3 Ra8 51. g4 Ra3+ 52.
Kc4 Ra4+ 53. Kb3 Ra7 54. a4 Rb7+ 55. Kc3 Ra7 56. Ra2 Kd5 57. a5 Ra6 58. Ra1 g6
59. Ra2 h6 60. Ra4 f5 61. gxf5 gxf5 62. g4 fxg4 63. hxg4 Kc6 64. Kc4 Kb7 65.
Kb5 Rg6 66. Rf4 c4 67. Kxc4 Rg5 68. Rf7+ 1/2-1/2

[Event "N�-LL 2006_07"]
[Site "?"]
[Date "2007.02.18"]
[Round "9"]
[White "Braun, Karl Heinz"]
[Black "Schirmbeck, Hannes"]
[Result "0-1"]
[WhiteElo "2091"]
[BlackElo "2128"]
[Annotator "Stockerau : Schwarzatal"]
[PlyCount "110"]
[SourceDate "2007.02.21"]

1. e4 c5 2. Nf3 d6 3. Bc4 Nf6 4. d3 Nc6 5. c3 g6 6. O-O Bg7 7. h3 O-O 8. Bg5
Bd7 9. Bb3 b5 10. Nbd2 a5 11. a3 a4 12. Bc2 Na5 13. Qe2 Be6 14. d4 c4 15. Rad1
d5 16. e5 Ne8 17. Qe3 Qd7 18. g4 h5 19. Nh2 hxg4 20. hxg4 Bxg4 21. f3 Bh3 22.
Rfe1 Nc7 23. f4 Nc6 24. Ndf1 Bf5 25. Rd2 Bxc2 26. Rxc2 Kh7 27. Nf3 Rh8 28. Rh2+
Kg8 29. Ree2 Rxh2 30. Rxh2 f6 31. Bh4 Kf7 32. Rf2 Rh8 33. N1h2 Bh6 34. Bg3 Qh3
35. Nh4 Ne6 36. Qf3 Bxf4 37. Bxf4 Qxf3 38. Rxf3 Rxh4 39. Be3 f5 40. Kg2 Nf8 41.
Kg3 Re4 42. Nf1 e6 43. Kf2 Rh4 44. Kg3 Rh1 45. Rf2 Rh8 46. Nh2 Kg7 47. Nf3 Rh1
48. Kg2 Rh5 49. Kg1 Nh7 50. Rg2 Nd8 51. Bd2 Nf7 52. Bc1 g5 53. Rh2 Rxh2 54.
Kxh2 Kg6 55. Kg2 Kh5 0-1